Versos sencillos

Kaydedildi:
Detaylı Bibliyografya
Yazar: Martí, José, 1853-1895
Materyal Türü: Kitap
Dil:Spanish
Baskı/Yayın Bilgisi: Habana, Cuba Ediciones Abril Editorial de la Universidad de Costa Rica 1995
Seri Bilgileri:Colección Identidad Cultural
Konular:
Etiketler: Etiketle
Etiket eklenmemiş, İlk siz ekleyin!

MARC

LEADER 00000cam a22000001 4500
001 7979108
003 CIICLA Universidad de Costa Rica
005 20180531132638.0
007 ta
008 891229s1995 cr f 000 p spa d
010 |a  63034881  
020 |a 9977672857 
035 |a (OCoLC)20833826 
040 |a DLC  |c TxU  |d CIICLA Universidad de Costa Rica  |b spa 
042 |a premarc 
082 |a Cu861.2 M378v 
100 1 |a Martí, José,  |d 1853-1895  |9 41 
245 1 0 |a Versos sencillos  |c José Martí  |h libro 
260 |a Habana, Cuba  |b Ediciones Abril  |b Editorial de la Universidad de Costa Rica  |c 1995 
300 |a 70 páginas 
490 0 |a Colección Identidad Cultural 
650 1 7 |9 14  |a LITERATURA CUBANA  |v POESIA 
906 |a 7  |b cbc  |c oclcrpl  |d u  |e ncip  |f 19  |g y-gencatlg 
942 |2 ddc  |c BK 
999 |c 769  |d 769